000
00306nam a2200121Ia 4500
008
190216s9999||||xx |||||||||||||| ||und||
100
_a
"Acharya,Dr.Harivamsha Tarun"
245
0
_a
Hindi-Manak Hindi Bilom Rashtrakosh
260
_b
Lok Siksha Manch
_c
2011
300
_a
232
650
_a
Hindi
942
_c
BK
999
_c
16756
_d
16756